[Event "Oberliga Nord N 0304"]
[Site "Germany"]
[Date "2003.12.14"]
[Round "4.1"]
[White "Gruenberg, Hans Ulrich"]
[Black "Joecks, Christian"]
[Result "1-0"]
[WhiteElo "2450"]
[BlackElo "2392"]
[PlyCount "75"]
[EventDate "2003.10.12"]
[EventType "team-tourn"]
[EventRounds "9"]
[EventCountry "GER"]
[SourceTitle "EXT 2005"]
[Source "ChessBase"]
[SourceDate "2004.11.15"]
[SourceVersion "1"]
[SourceVersionDate "2004.11.15"]
[SourceQuality "1"]
[WhiteTeam "Schwerin"]
[BlackTeam "Hamburger SG BUE"]
[WhiteTeamCountry "GER"]
[BlackTeamCountry "GER"]

1. d4 f5 2. g3 Nf6 3. Bg2 g6 4. Nf3 Bg7 5. 0-0 0-0 6. c4 d6 7. Nc3 Nc6 8. d5 Ne5 9. Nxe5 dxe5 10. e4 f4 11. gxf4 exf4 12. e5 Ng4 13. e6 Ne5 14. Qb3 f3 15. Bh3 g5 16. Re1 Qe8 17. Ne4 g4 18. Bf1 Qg6 19. Qe3 b5 20. cxb5 Bb7 21. Qg5 Bxd5 22. Nc3 Qxg5 23. Bxg5 Bxe6 24. Bxe7 Rf5 25. Re4 Kf7 26. Bh4 Ng6 27. Bg3 Rd8 28. Rae1 Bxc3 29. bxc3 Bxa2 30. Rxg4 Bb3 31. Rb4 Be6 32. Ra4 h5 33. h4 Rd2 34. Rxa7 Kf6 35. Rxc7 Bd5 36. Bh3 Nf4 37. Bxf5 Ne2+ 38. Kh2 1-0

[Event "Oberliga Nord N 0304"]
[Site "Germany"]
[Date "2003.11.23"]
[Round "3.1"]
[White "Joecks, Christian"]
[Black "Weglarz, Leszek"]
[Result "1/2-1/2"]
[WhiteElo "2392"]
[BlackElo "2341"]
[PlyCount "60"]
[EventDate "2003.10.12"]
[EventType "team-tourn"]
[EventRounds "9"]
[EventCountry "GER"]
[SourceTitle "EXT 2005"]
[Source "ChessBase"]
[SourceDate "2004.11.15"]
[SourceVersion "1"]
[SourceVersionDate "2004.11.15"]
[SourceQuality "1"]
[WhiteTeam "Hamburger SG BUE"]
[BlackTeam "Rostock Polizei"]
[WhiteTeamCountry "GER"]
[BlackTeamCountry "GER"]

1. e4 e5 2. Nf3 Nf6 3. d4 Nxe4 4. Bd3 d5 5. dxe5 Nc5 6. Be2 Be7 7. 0-0 0-0 8. Be3 c6 9. c4 dxc4 10. Bxc4 b5 11. Be2 Na4 12. Qc2 f5 13. Nc3 f4 14. Bd4 Nxc3 15. Bxc3 Be6 16. Bd3 h6 17. Be4 Qc8 18. Nd4 Bc5 19. Nxb5 cxb5 20. b4 Bb6 21. Bxa8 Nc6 22. Bxc6 Qxc6 23. Rad1 f3 24. Rd6 Qc4 25. Rxe6 fxg2 26. Kxg2 Qg4+ 27. Kh1 Qf3+ 28. Kg1 Qg4+ 29. Kh1 Qf3+ 30. Kg1 Qg4+ 1/2-1/2

[Event "Oberliga Nord N 0102"]
[Site "Germany"]
[Date "2002.04.28"]
[Round "9.1"]
[White "Joecks, Christian"]
[Black "Aagaard, Jacob"]
[Result "1-0"]
[WhiteElo "2395"]
[BlackElo "2365"]
[PlyCount "69"]
[EventDate "2001.10.07"]
[EventType "team"]
[EventRounds "9"]
[EventCountry "GER"]
[SourceTitle "EXT 2002"]
[Source "ChessBase"]
[SourceDate "2001.11.25"]
[SourceVersion "1"]
[SourceVersionDate "2001.11.25"]
[SourceQuality "1"]
[WhiteTeam "Hamburger SG BUE"]
[BlackTeam "Neumuenster"]
[WhiteTeamCountry "GER"]
[BlackTeamCountry "GER"]

1. e4 c5 2. Nf3 Nc6 3. d4 cxd4 4. Nxd4 e5 5. Nb5 d6 6. Bc4 a6 7. N5c3 Nf6 8. Bg5 Be7 9. 0-0 0-0 10. Nd2 Bg4 11. f3 Be6 12. Bxf6 Bxf6 13. Bb3 Bg5 14. Kh1 Rc8 15. Nd5 Nd4 16. c3 Nxb3 17. axb3 f5 18. Nc4 f4 19. Nxd6 Rb8 20. Qd3 Kh8 21. Nc4 Bh4 22. Nxe5 Bg3 23. hxg3 fxg3 24. Kg1 Qh4 25. Rfe1 Qh2+ 26. Kf1 Bh3 27. Ke2 Bxg2 28. Ke3 Bxf3 29. Kd4 Bh5 30. Rh1 Qf2+ 31. Qe3 Qxb2 32. Qxg3 Rbd8 33. Rag1 Qd2+ 34. Nd3 Bg6 35. Rxh7+ 1-0

[Event "Oberliga Nord N 0102"]
[Site "Germany"]
[Date "2002.01.20"]
[Round "4.1"]
[White "Joecks, Christian"]
[Black "Stephan, Axel"]
[Result "1/2-1/2"]
[WhiteElo "2395"]
[BlackElo "2275"]
[PlyCount "44"]
[EventDate "2001.10.07"]
[EventType "team"]
[EventRounds "9"]
[EventCountry "GER"]
[SourceTitle "EXT 2002"]
[Source "ChessBase"]
[SourceDate "2001.11.25"]
[SourceVersion "1"]
[SourceVersionDate "2001.11.25"]
[SourceQuality "1"]
[WhiteTeam "Hamburger SG BUE"]
[BlackTeam "Hamburg Diogenes"]
[WhiteTeamCountry "GER"]
[BlackTeamCountry "GER"]

1. e4 c5 2. Nf3 e6 3. d4 cxd4 4. Nxd4 Nf6 5. Nc3 d6 6. Be3 a6 7. g4 h6 8. Rg1 Be7 9. Qe2 Qa5 10. 0-0-0 b5 11. Bg2 b4 12. Nb3 Qc7 13. Na4 Nfd7 14. Qd2 Nc6 15. f4 Rb8 16. Kb1 a5 17. Bf3 Ba6 18. e5 Ncxe5 19. fxe5 Nxe5 20. Be2 Bxe2 21. Qxe2 Qc6 22. Nac5 dxc5 1/2-1/2

[Event "Oberliga Nord N 0102"]
[Site "Germany"]
[Date "2001.11.25"]
[Round "3.1"]
[White "Stanke, Juergen"]
[Black "Joecks, Christian"]
[Result "1-0"]
[WhiteElo "2305"]
[BlackElo "2395"]
[PlyCount "91"]
[EventDate "2001.10.07"]
[EventType "team"]
[EventRounds "9"]
[EventCountry "GER"]
[SourceTitle "EXT 2002"]
[Source "ChessBase"]
[SourceDate "2001.11.25"]
[SourceVersion "1"]
[SourceVersionDate "2001.11.25"]
[SourceQuality "1"]
[WhiteTeam "Hamburger SK II"]
[BlackTeam "Hamburger SG BUE"]
[WhiteTeamCountry "GER"]
[BlackTeamCountry "GER"]

1. d4 f5 2. c4 Nf6 3. Nc3 g6 4. g3 Bg7 5. Bg2 0-0 6. Nf3 d6 7. 0-0 Nc6 8. d5 Na5 9. Qa4 c5 10. dxc6 bxc6 11. Nd4 c5 12. Bxa8 cxd4 13. Nb5 Bd7 14. Bg2 Ne4 15. Qd1 Qb6 16. e3 e5 17. Na3 Bc6 18. Qe1 d5 19. f3 Nf6 20. c5 Qa6 21. Nc2 dxe3 22. Nb4 Qb5 23. Nxc6 Nxc6 24. Qxe3 Kh8 25. a4 Qb7 26. Qd3 Qe7 27. Be3 d4 28. Bd2 a5 29. Qb5 Qc7 30. Qc4 Rb8 31. b3 Qd7 32. Rac1 Nd5 33. Rfe1 Bf6 34. Bf1 Kg7 35. Qc2 Nc7 36. h4 h5 37. Kh2 Re8 38. Bb5 Qd5 39. Bxc6 Qxc6 40. Bxa5 Nd5 41. Qd3 Ne3 42. Rxe3 dxe3 43. Qxe3 f4 44. Qe4 Qd7 45. Rg1 Bd8 46. gxf4 1-0

[Event "Wichern op 5th"]
[Site "Hamburg"]
[Date "1999.10.22"]
[Round "9.40"]
[White "Trisic, Aleksandar"]
[Black "Joecks, Christian"]
[Result "0-1"]
[WhiteElo "2310"]
[BlackElo "2397"]
[PlyCount "80"]
[EventDate "1999.10.15"]
[EventType "swiss"]
[EventRounds "9"]
[EventCountry "GER"]
[SourceTitle "EXT 2001"]
[Source "ChessBase"]
[SourceDate "2000.11.22"]
[SourceVersion "1"]
[SourceVersionDate "2000.11.22"]
[SourceQuality "1"]

1. e4 Nf6 2. Nc3 d5 3. exd5 Nxd5 4. Bc4 e6 5. Nf3 Be7 6. d4 0-0 7. 0-0 b6 8. Qe2 Bb7 9. Ne4 Nf6 10. Neg5 h6 11. Nh3 c5 12. Rd1 Nbd7 13. Nf4 Bxf3 14. Qxf3 cxd4 15. Bxe6 fxe6 16. Nxe6 Qc8 17. Nxf8 Qxf8 18. Rxd4 Re8 19. Rd1 Bc5 20. Be3 Bxe3 21. fxe3 Qc5 22. Rd4 Ne5 23. Qf5 Nfg4 24. c3 Nxe3 25. Qe4 N3g4 26. Qd5+ Qxd5 27. Rxd5 Nf6 28. Rd4 Nc6 29. Rd2 Kh7 30. Rad1 Kg6 31. h3 h5 32. Rd6 Ne5 33. Rd8 Re7 34. g3 Kg5 35. b3 Ne4 36. Kg2 Rf7 37. R8d5 Rf2+ 38. Kg1 Kf6 39. Rxe5 Kxe5 40. a4 Rf3 0-1

[Event "Hamburg-ch int"]
[Site "Hamburg"]
[Date "1999.05.26"]
[Round "5.8"]
[White "Joecks, Christian"]
[Black "Bekker Jensen, David"]
[Result "1/2-1/2"]
[WhiteElo "2415"]
[BlackElo "2260"]
[PlyCount "47"]
[EventDate "1999.05.22"]
[EventType "swiss"]
[EventRounds "9"]
[EventCountry "GER"]
[SourceTitle "CBM 072"]
[Source "ChessBase"]
[SourceDate "1999.10.01"]
[SourceVersion "1"]
[SourceVersionDate "1999.10.01"]
[SourceQuality "1"]

1. e4 c5 2. Nf3 d6 3. d4 Nf6 4. Nc3 cxd4 5. Nxd4 a6 6. Be3 e5 7. Nf3 Qc7 8. a4 Be7 9. a5 Be6 10. Ng5 Bc4 11. Bxc4 Qxc4 12. Ra4 Qc6 13. Qd3 0-0 14. Rc4 Qd7 15. 0-0 Nc6 16. b4 h6 17. Nf3 d5 18. Nxd5 Nxd5 19. Qxd5 Qxd5 20. exd5 Nxb4 21. d6 Bxd6 22. Rd1 Be7 23. Nxe5 Rac8 24. Rd7 1/2-1/2

[Event "BL2-Nord 9899"]
[Site "Germany"]
[Date "1999.04.18"]
[Round "9.1"]
[White "Bangiev, Alexander J"]
[Black "Joecks, Christian"]
[Result "1/2-1/2"]
[WhiteElo "2395"]
[BlackElo "2415"]
[PlyCount "67"]
[EventDate "1998.10.18"]
[EventType "team-tourn"]
[EventRounds "9"]
[EventCountry "GER"]
[SourceTitle "GER-chT2"]
[Source "ChessBase"]
[SourceDate "1999.07.01"]
[SourceVersion "1"]
[SourceVersionDate "1999.07.01"]
[SourceQuality "1"]
[WhiteTeam "Isernhagen"]
[BlackTeam "Hamburger SG BUE"]
[WhiteTeamCountry "GER"]
[BlackTeamCountry "GER"]

1. e4 c5 2. Nf3 d6 3. d4 cxd4 4. Nxd4 Nf6 5. Nc3 a6 6. Bc4 e6 7. Bb3 b5 8. Bg5 Be7 9. Qf3 Qb6 10. 0-0-0 0-0 11. Rhe1 Nbd7 12. Qg3 Nc5 13. Bh6 Ne8 14. Re3 Bf6 15. Bd5 Be5 16. f4 Bxd4 17. Rxd4 exd5 18. Nxd5 Qd8 19. f5 f6 20. Bf4 Bb7 21. Qh4 Bxd5 22. Rxd5 Rf7 23. Rh3 h6 24. Qg4 Qa5 25. Bxh6 Qe1+ 26. Rd1 Qxe4 27. Bf4 Rc8 28. c3 b4 29. Qh4 Re7 30. Qh8+ Kf7 31. Qh5+ Kg8 32. Qh8+ Kf7 33. Qh5+ Kg8 34. Qh8+ 1/2-1/2

[Event "BL2-Nord 9899"]
[Site "Germany"]
[Date "1999.03.21"]
[Round "8.1"]
[White "Joecks, Christian"]
[Black "Maksimenko, Andrei"]
[Result "1/2-1/2"]
[WhiteElo "2415"]
[BlackElo "2500"]
[PlyCount "40"]
[EventDate "1998.10.18"]
[EventType "team-tourn"]
[EventRounds "9"]
[EventCountry "GER"]
[SourceTitle "GER-chT2"]
[Source "ChessBase"]
[SourceDate "1999.07.01"]
[SourceVersion "1"]
[SourceVersionDate "1999.07.01"]
[SourceQuality "1"]
[WhiteTeam "Hamburger SG BUE"]
[BlackTeam "Lichtenrade"]
[WhiteTeamCountry "GER"]
[BlackTeamCountry "GER"]

1. e4 c5 2. Nf3 d6 3. d4 cxd4 4. Nxd4 Nf6 5. Nc3 a6 6. Be3 e6 7. g4 h6 8. Qf3 Nbd7 9. Qg3 b5 10. f3 Bb7 11. Bd3 Rc8 12. h4 Ne5 13. 0-0-0 Nxd3+ 14. Rxd3 Nd7 15. Kb1 b4 16. Nce2 Qc7 17. Rd2 d5 18. Qxc7 Rxc7 19. exd5 Bxd5 20. Rhd1 Bc5 1/2-1/2

[Event "Oberliga Nord N 9900"]
[Site "Germany"]
[Date "1999.??.??"]
[Round "?"]
[White "Joecks, Christian"]
[Black "Csom, Istvan"]
[Result "1/2-1/2"]
[WhiteElo "2415"]
[BlackElo "2455"]
[PlyCount "44"]
[EventDate "1999.10.??"]
[EventType "team"]
[EventRounds "9"]
[EventCountry "GER"]
[SourceTitle "EXT 2001"]
[Source "ChessBase"]
[SourceDate "2000.11.22"]
[SourceVersion "1"]
[SourceVersionDate "2000.11.22"]
[SourceQuality "1"]

1. e4 c5 2. Nf3 d6 3. d4 cxd4 4. Nxd4 Nf6 5. Nc3 Nc6 6. Bg5 e6 7. Qd2 a6 8. 0-0-0 h6 9. Be3 Qc7 10. f4 Be7 11. Bd3 Na5 12. e5 dxe5 13. fxe5 Nd7 14. Nf5 exf5 15. Nd5 Qd8 16. Nxe7 Qxe7 17. Qxa5 0-0 18. Bd4 Re8 19. Rhe1 Nf8 20. Kb1 Be6 21. Bc5 Qh4 22. Qb4 Qxb4 1/2-1/2

[Event "Oberliga Nord N 9900"]
[Site "Germany"]
[Date "1999.??.??"]
[Round "?"]
[White "Salov, Sergej"]
[Black "Joecks, Christian"]
[Result "0-1"]
[WhiteElo "2305"]
[BlackElo "2415"]
[PlyCount "98"]
[EventDate "1999.10.??"]
[EventType "team"]
[EventRounds "9"]
[EventCountry "GER"]
[SourceTitle "EXT 2001"]
[Source "ChessBase"]
[SourceDate "2000.11.22"]
[SourceVersion "1"]
[SourceVersionDate "2000.11.22"]
[SourceQuality "1"]

1. e4 c5 2. Nf3 d6 3. d4 cxd4 4. Nxd4 Nf6 5. Nc3 a6 6. Bg5 e6 7. f4 Nbd7 8. Qf3 Qc7 9. 0-0-0 b5 10. Bd3 Bb7 11. Rhe1 0-0-0 12. Qh3 Be7 13. Bxf6 Nxf6 14. Nd5 Nxd5 15. exd5 Bxd5 16. f5 Kb8 17. fxe6 Bf6 18. Be4 Bxe4 19. Rxe4 d5 20. Ree1 Qf4+ 21. Kb1 Bxd4 22. g3 Qf6 23. e7 Rc8 24. c3 Bc5 25. Rxd5 Rhe8 26. a4 Rxe7 27. Rxe7 Qxe7 28. Qf5 g6 29. Qd3 Qe3 30. Qc2 Qe1+ 31. Rd1 Qe6 32. axb5 axb5 33. Qd3 Qc4 34. Qd7 h5 35. Re1 b4 36. Re8 Rxe8 37. Qxe8+ Kc7 38. cxb4 Bxb4 39. Qe3 Kd7 40. Qa7+ Ke8 41. Qa8+ Ke7 42. Qf3 Qd4 43. Ka2 Bd6 44. Qe2+ Kf6 45. Qf3+ Kg7 46. Kb3 h4 47. Ka2 hxg3 48. hxg3 Be5 49. Qf2 Qxb2+ 0-1

[Event "BL2-Nord 9697"]
[Site "Germany"]
[Date "1997.??.??"]
[Round "?.1"]
[White "Joecks, Christian"]
[Black "Chekhov, Valery A"]
[Result "1/2-1/2"]
[WhiteElo "2395"]
[BlackElo "2520"]
[PlyCount "76"]
[EventDate "1996.10.??"]
[EventType "team-tourn"]
[EventRounds "9"]
[EventCountry "GER"]
[SourceTitle "GER-chT2"]
[Source "ChessBase"]
[SourceDate "1999.07.01"]
[SourceVersion "1"]
[SourceVersionDate "1999.07.01"]
[SourceQuality "1"]
[WhiteTeam "Hamburger SG BUE"]
[BlackTeam "Berlin Empor II"]
[WhiteTeamCountry "GER"]
[BlackTeamCountry "GER"]

1. e4 c5 2. Nf3 e6 3. d4 cxd4 4. Nxd4 Nf6 5. Nc3 Nc6 6. Ndb5 d6 7. Bf4 e5 8. Bg5 a6 9. Na3 Be6 10. Nc4 Rc8 11. Bxf6 Qxf6 12. Nb6 Rb8 13. Ncd5 Qd8 14. c3 g6 15. Qa4 Bh6 16. Bxa6 0-0 17. Bb5 f5 18. 0-0 Kh8 19. Rad1 Bxd5 20. Nxd5 Ra8 21. Qc4 fxe4 22. a4 e3 23. fxe3 Ne7 24. Rxf8+ Qxf8 25. Rf1 Qg7 26. e4 Rf8 27. Rxf8+ Qxf8 28. Qf1 Qxf1+ 29. Kxf1 Nxd5 30. exd5 Bc1 31. Bc6 Bxb2 32. Bxb7 Bxc3 33. Ke2 Kg7 34. Kd3 Be1 35. Bc8 Kf6 36. Bg4 Kg5 37. Be2 h5 38. Ke4 h4 1/2-1/2

[Event "BL2-Nord 9798"]
[Site "Germany"]
[Date "1997.??.??"]
[Round "2.1"]
[White "Joecks, Christian"]
[Black "Rogers, Ian"]
[Result "0-1"]
[WhiteElo "2415"]
[BlackElo "2570"]
[PlyCount "44"]
[EventDate "1997.10.??"]
[EventType "team-tourn"]
[EventRounds "9"]
[EventCountry "GER"]
[SourceTitle "EXT 1999"]
[Source "ChessBase"]
[SourceDate "1998.11.16"]
[SourceVersion "1"]
[SourceVersionDate "1998.11.16"]
[SourceQuality "1"]
[WhiteTeam "Hamburger SG BUE"]
[BlackTeam "Delmenhorst"]
[WhiteTeamCountry "GER"]
[BlackTeamCountry "GER"]

1. e4 Nc6 2. Nf3 e5 3. Bb5 Bc5 4. 0-0 Qf6 5. c3 Nge7 6. d3 h6 7. Be3 Bb6 8. Nbd2 0-0 9. Nc4 d6 10. Bxb6 axb6 11. Ne3 Ng6 12. Nd5 Qd8 13. a3 Nce7 14. Bc4 Nxd5 15. Bxd5 Nf4 16. Qd2 Qf6 17. Qe3 Bh3 18. Ne1 Qg5 19. Qf3 Bg4 20. Qe3 Be2 21. Bxb7 Ra7 22. Bc6 Bxd3 0-1

[Event "BL2-Nord 9697"]
[Site "Germany"]
[Date "1997.??.??"]
[Round "?.1"]
[White "Lagunow, Alexander"]
[Black "Joecks, Christian"]
[Result "1/2-1/2"]
[WhiteElo "2440"]
[BlackElo "2395"]
[PlyCount "59"]
[EventDate "1996.10.??"]
[EventType "team-tourn"]
[EventRounds "9"]
[EventCountry "GER"]
[SourceTitle "GER-chT2"]
[Source "ChessBase"]
[SourceDate "1999.07.01"]
[SourceVersion "1"]
[SourceVersionDate "1999.07.01"]
[SourceQuality "1"]
[WhiteTeam "Kreuzberg"]
[BlackTeam "Hamburger SG BUE"]
[WhiteTeamCountry "GER"]
[BlackTeamCountry "GER"]

1. Nf3 Nf6 2. c4 g6 3. g3 Bg7 4. Bg2 0-0 5. 0-0 c6 6. d4 d6 7. Nc3 Bf5 8. Ne1 e5 9. d5 c5 10. e4 Bd7 11. Nd3 Na6 12. a3 Ne8 13. Be3 f5 14. Qd2 Nf6 15. f3 fxe4 16. fxe4 Ng4 17. Bg5 Bf6 18. Bxf6 Rxf6 19. Bh3 Kg7 20. Rxf6 Nxf6 21. Bxd7 Qxd7 22. Kg2 Rc8 23. Rf1 b6 24. Qg5 Qe7 25. Nf2 Nxd5 26. Qxe7+ Nxe7 27. Nb5 Nc7 28. Nxd6 Rd8 29. Rd1 Nc6 30. Rd3 1/2-1/2

[Event "BL2-Nord 9697"]
[Site "Germany"]
[Date "1997.??.??"]
[Round "?.1"]
[White "Rabiega, Robert"]
[Black "Joecks, Christian"]
[Result "1-0"]
[WhiteElo "2480"]
[BlackElo "2395"]
[PlyCount "73"]
[EventDate "1996.10.??"]
[EventType "team-tourn"]
[EventRounds "9"]
[EventCountry "GER"]
[SourceTitle "GER-chT2"]
[Source "ChessBase"]
[SourceDate "1999.07.01"]
[SourceVersion "1"]
[SourceVersionDate "1999.07.01"]
[SourceQuality "1"]
[WhiteTeam "Koenig Tegel"]
[BlackTeam "Hamburger SG BUE"]
[WhiteTeamCountry "GER"]
[BlackTeamCountry "GER"]

1. e4 Nf6 2. e5 Nd5 3. d4 d6 4. Nf3 dxe5 5. Nxe5 Nd7 6. Nf3 g6 7. Bc4 c6 8. 0-0 Bg7 9. Re1 0-0 10. Nbd2 N7b6 11. Bb3 Bg4 12. h3 Bxf3 13. Nxf3 e6 14. Qe2 Qc7 15. Qe4 c5 16. c4 Nf6 17. Qh4 cxd4 18. Nxd4 Nbd7 19. Bf4 Qa5 20. Rad1 a6 21. Bd2 Qc7 22. Nf3 Rfe8 23. Ba4 e5 24. Bc3 Rac8 25. c5 h6 26. b4 Re6 27. Bb2 g5 28. Qg3 Rce8 29. Nd2 b5 30. Bb3 R6e7 31. Nf1 Nb8 32. Ne3 Nc6 33. Nf5 Rd7 34. a3 Rdd8 35. Nd6 Re7 36. Qf3 Nd4 37. Bxd4 1-0

[Event "BL2-Nord 9697"]
[Site "Germany"]
[Date "1996.??.??"]
[Round "?.1"]
[White "Gisbrecht, Ewgeni"]
[Black "Joecks, Christian"]
[Result "1-0"]
[WhiteElo "2370"]
[BlackElo "2370"]
[PlyCount "137"]
[EventDate "1996.10.??"]
[EventType "team-tourn"]
[EventRounds "9"]
[EventCountry "GER"]
[SourceTitle "GER-chT2"]
[Source "ChessBase"]
[SourceDate "1999.07.01"]
[SourceVersion "1"]
[SourceVersionDate "1999.07.01"]
[SourceQuality "1"]
[WhiteTeam "Delmenhorst II"]
[BlackTeam "Hamburger SG BUE"]
[WhiteTeamCountry "GER"]
[BlackTeamCountry "GER"]

1. Nf3 Nf6 2. c4 g6 3. g3 Bg7 4. d4 0-0 5. Bg2 d6 6. 0-0 c6 7. Nc3 Qa5 8. e4 Bg4 9. h3 Bxf3 10. Bxf3 Nfd7 11. Be3 a6 12. a3 c5 13. b4 Qd8 14. Rc1 cxd4 15. Bxd4 Bh6 16. Rc2 Nc6 17. Nd5 Nxd4 18. Qxd4 Rc8 19. Be2 Rc6 20. Qa7 Re8 21. Qxb7 Nb8 22. c5 e6 23. b5 Rxc5 24. Rxc5 dxc5 25. bxa6 Nxa6 26. Bxa6 exd5 27. exd5 Bg7 28. Qc6 Bd4 29. Bc4 Kg7 30. a4 Re7 31. Kg2 h5 32. h4 Rc7 33. Qb6 Qe7 34. Qb1 Ra7 35. Bb5 Qe5 36. Bc6 c4 37. Qe1 Qf6 38. Qe4 c3 39. Qf3 Qd6 40. Qd3 Bf6 41. Ra1 Ra5 42. Bb5 Ra8 43. Qc4 Rd8 44. Rd1 Qa3 45. Rb1 c2 46. Qxc2 Rxd5 47. Qb3 Qd6 48. Qb4 Qc7 49. Qc4 Rc5 50. Qe4 Re5 51. Qc6 Qa5 52. Rd1 Qb4 53. Qc4 Qa5 54. Rd7 Re7 55. Rxe7 Bxe7 56. Qd4+ Bf6 57. Qd5 Bc3 58. Qf3 Qb4 59. Be8 Bf6 60. Qd5 Qe7 61. Bc6 Qa7 62. a5 Bd4 63. Be8 Bxf2 64. Qxf7+ Qxf7 65. Bxf7 Ba7 66. Be8 Kh6 67. a6 g5 68. Kh3 Bb6 69. Bxh5 1-0

[Event "Budapest FS06 IM"]
[Site "Budapest"]
[Date "1996.??.??"]
[Round "6"]
[White "Joecks, Christian"]
[Black "Farago, Sandor"]
[Result "1-0"]
[WhiteElo "2380"]
[BlackElo "2365"]
[PlyCount "101"]
[EventDate "1996.06.??"]
[EventType "tourn"]
[EventRounds "11"]
[EventCountry "HUN"]
[EventCategory "2"]
[SourceTitle "CBM 052 Extra"]
[Source "ChessBase"]
[SourceDate "1996.07.01"]
[SourceVersion "1"]
[SourceVersionDate "1996.07.01"]
[SourceQuality "1"]

1. e4 c5 2. Nf3 d6 3. d4 cxd4 4. Nxd4 Nf6 5. Nc3 g6 6. Be3 Bg7 7. f3 0-0 8. Qd2 Nc6 9. Bc4 Bd7 10. Bb3 Rc8 11. 0-0-0 Ne5 12. h4 h5 13. Bh6 a5 14. Bxg7 Kxg7 15. a4 Rc5 16. Rhe1 Qb6 17. Kb1 Rfc8 18. Nd5 Nxd5 19. exd5 Re8 20. Re4 Qc7 21. Rde1 b5 22. Nxb5 Bxb5 23. axb5 Qb7 24. f4 Ng4 25. Qxa5 Nf6 26. Ra4 Rxb5 27. Qa7 Rxb3 28. cxb3 Qxb3 29. Qd4 Qxd5 30. Qxd5 Nxd5 31. Rd4 Nf6 32. b4 d5 33. Kb2 e6 34. b5 Nd7 35. Rxd5 Nb6 36. Rd4 Rc8 37. Rc1 Rb8 38. Rc5 Rb7 39. Kb3 Nd7 40. Kb4 Nxc5 41. Kxc5 Kf6 42. Kc6 Rb8 43. b6 Kf5 44. Kc7 Ra8 45. b7 Ra7 46. Kb6 Rxb7+ 47. Kxb7 f6 48. Kc6 e5 49. fxe5 fxe5 50. Ra4 e4 51. Kd5 1-0

[Event "Oberliga Nord N 9596"]
[Site "Germany"]
[Date "1996.??.??"]
[Round "?"]
[White "Joecks, Christian"]
[Black "Lamprecht, Frank"]
[Result "1/2-1/2"]
[WhiteElo "2370"]
[BlackElo "2395"]
[PlyCount "36"]
[EventDate "1995.10.??"]
[EventType "team"]
[EventRounds "9"]
[EventCountry "GER"]
[SourceTitle "EXT 1999"]
[Source "ChessBase"]
[SourceDate "1998.11.16"]
[SourceVersion "1"]
[SourceVersionDate "1998.11.16"]
[SourceQuality "1"]

1. e4 e6 2. d4 d5 3. Nd2 c5 4. Ngf3 cxd4 5. exd5 Qxd5 6. Bc4 Qd6 7. Qe2 Nf6 8. Nb3 Nc6 9. Bg5 Be7 10. 0-0-0 Nd5 11. Bxe7 Ndxe7 12. Nbxd4 Qf4+ 13. Kb1 a6 14. Nxc6 Nxc6 15. Rd2 0-0 16. Rhd1 b5 17. Bb3 Bb7 18. Rd7 Na5 1/2-1/2

[Event "Wichern op 3rd"]
[Site "Hamburg"]
[Date "1995.??.??"]
[Round "2"]
[White "Ljubarskij, Jurij"]
[Black "Joecks, Christian"]
[Result "1-0"]
[WhiteElo "2335"]
[BlackElo "2370"]
[PlyCount "69"]
[EventDate "1995.09.??"]
[EventType "swiss"]
[EventRounds "9"]
[EventCountry "GER"]
[SourceTitle "EXT 1997"]
[Source "ChessBase"]
[SourceDate "1996.11.15"]
[SourceVersion "1"]
[SourceVersionDate "1996.11.15"]
[SourceQuality "1"]

1. e4 c5 2. Nc3 Nc6 3. f4 d6 4. Nf3 Nf6 5. Bb5 a6 6. Bxc6+ bxc6 7. d3 g6 8. 0-0 Bg7 9. Qe1 Rb8 10. b3 Qa5 11. Bd2 Qc7 12. e5 Nd7 13. exd6 Qxd6 14. Ne4 Qc7 15. Rd1 0-0 16. Qh4 f6 17. Qf2 e5 18. Nxc5 Nxc5 19. Qxc5 Be6 20. fxe5 fxe5 21. Ba5 Qc8 22. Bc3 Rf5 23. Qe3 Rh5 24. Bxe5 Bxe5 25. Nxe5 Qc7 26. d4 Re8 27. Rf4 Qc8 28. Rdf1 c5 29. c3 cxd4 30. cxd4 Bd5 31. Qg3 Qc2 32. Nd7 Rd8 33. Nf6+ Kh8 34. Nxh5 gxh5 35. Rf8+ 1-0

[Event "Hamburg-ch"]
[Site "Hamburg"]
[Date "1995.??.??"]
[Round "8"]
[White "Maahs, Erich"]
[Black "Joecks, Christian"]
[Result "0-1"]
[WhiteElo "2235"]
[BlackElo "2370"]
[PlyCount "66"]
[EventDate "1995.??.??"]
[EventType "swiss"]
[EventRounds "9"]
[EventCountry "GER"]
[SourceTitle "EXT 2014"]
[Source "ChessBase"]
[SourceDate "2013.11.20"]
[SourceVersion "1"]
[SourceVersionDate "2013.11.20"]
[SourceQuality "1"]

1. e4 Nf6 2. e5 Nd5 3. d4 d6 4. f4 g6 5. Nf3 Bg7 6. Bc4 Nb6 7. Bb3 dxe5 8. fxe5 c5 9. c3 0-0 10. 0-0 c4 11. Bc2 Nc6 12. Nbd2 f6 13. exf6 exf6 14. Ne4 Qd5 15. Nc5 Nd7 16. Be4 Qd6 17. b4 f5 18. Bc2 Nf6 19. Qe2 Qd5 20. Nd2 b6 21. Na4 b5 22. Nb2 Bb7 23. Nf3 Rae8 24. Qd1 Ne4 25. Bxe4 fxe4 26. Ne1 Rxf1+ 27. Kxf1 Rf8+ 28. Kg1 Qf5 29. h3 Qf2+ 30. Kh1 e3 31. a4 e2 32. Qd2 Qxe1+ 33. Kh2 Qf2 0-1